000 01612cam a22003974i 4500
003 PE-LiUPU
005 20250731175645.0
008 150616s r 000 0 d
020 _a0805416129
035 _a(Sirsi) i9780805416121
040 _aPE-LiUPU
_bspa
_cPE-LiUPU
_erda
049 _aPRUA
082 0 4 _a487.415
_bB57L
_221
100 1 _aBlack, David Alan,
_eautor.
245 1 0 _aLearn to Read New Testament Greek.
264 1 _aTennessee :
_bBroadman & Holman Publishers,
_c1994.
300 _a236 páginas :
_bilustraciones ;
_c23 centímetros
336 _atext
_2rdacontent
337 _aunmediated
_2rdamedia
338 _avolume
_2rdacarrier
505 0 _aThe letter and sound Greek.- The Greek verb system: a bird's eye view.- Presente and future active indicative.- Nouns of the second declension.- Adjetives of the first and second declension.- Imperfect and aorist active indicative.- Additional prepositions.- Personal pronouns.- Etc.
526 _aP145
526 _aP127
526 _aP97
526 _aP35
526 _aP14
526 _aP07
650 0 4 _aGRIEGO BIBLICO - GRAMATICA.
910 _ajck
_bjvq
_cjck
942 _2ddc
_cBOOK
949 _a487.415 B57L
_wDEWEY
_c1
_i42238
_lCCODEBUL1
_mBUL
_r0
_sY
_tBOOK
_u2015-6-16
_xTEOLOGIA
_zUNKNOWN
_0COMPRA
_o.STAFF. Colección General
994 _aC0
_bPEPRU
596 _a1
999 _a487.415 B57L
_wDEWEY
_c60068
_i42238
_f2021-11-11
_g5
_lCCODEBUL1
_mBUL
_r0
_sY
_tBOOK
_u2015-6-16
_xTEOLOGIA
_zUNKNOWN
_0COMPRA
_o.STAFF. Colección General
_d60068
980 _81
_gALBERTO SANCHEZ Responsable de Automatización